|
|
|
|
| LEADER |
01095nam a22002657a 4500 |
| 001 |
34834 |
| 003 |
BD-DhAAL |
| 005 |
20190728125035.0 |
| 008 |
190722r20182009bg ||||| |||| 00| 1 ben d |
| 999 |
|
|
|c 40918
|d 40918
|
| 020 |
|
|
|a 9847011600680
|
| 040 |
|
|
|a BD-DhAAL
|
| 041 |
|
|
|a BEN
|
| 082 |
|
|
|2 23
|a 891.44371
|
| 100 |
|
|
|a আহমেদ, হুমায়ূন
|9 32974
|
| 245 |
|
|
|a ছায়াসঙ্গী /
|c হুমায়ূন আহমেদ
|
| 246 |
|
|
|a Chayasongi
|
| 260 |
|
|
|a ঢাকা :
|b অন্বেষা প্রকাশন,
|c ২০০৯ [সপ্তম মুদ্রণ ২০১৮]
|
| 300 |
|
|
|a ১১৯ পৃষ্ঠা ;
|c ২২ সে.মি.
|
| 526 |
|
|
|a Residential Campus
|
| 541 |
|
|
|a Development Book Agency
|e 34834
|
| 650 |
|
|
|a Bengali fiction
|z Bangladesh
|9 32975
|
| 852 |
|
|
|a Savar Campus Library
|c General Stacks
|
| 942 |
|
|
|2 ddc
|c BK
|
| 952 |
|
|
|0 0
|1 0
|2 ddc
|4 0
|6 891_443710000000000_AHM
|7 0
|9 65681
|a SCL
|b SCL
|c GEN
|d 2019-07-17
|e Development Book Agency
|g 176.00
|l 28
|m 50
|o 891.44371 AHM
|p 3020034834
|r 2026-05-08
|s 2026-04-29
|t 1
|v 176.00
|w 2019-07-17
|y BK
|